000 00629nam a2200169Ia 4500
008 090201s9999 xx 000 0 und d
010 _aKPL-62445
040 _bमराठी
041 _aमराठी
082 _a34380
_b62445
100 _aएम बी दडगे
245 _aहिम-दिव्य [कैलास मानससरोवर यात्रा]
_cएम बी दडगे
260 _c2004
_bकौशिक प्रकाशन
300 _a104
_bमोठा
600 _aहिम-दिव्य [कैलास मानससरोवर यात्रा]
942 _cBOOK
999 _c232573
_d232573